000 00496nam a2200157 4500
005 20260424215938.0
008 -
040 _aBiblioteca LadoV Teorética
_cBiblioteca LadoV Teorética
082 0 4 _a306.766.3
_bF953l
100 1 _aFuego, Andrea
245 1 0 _aLes Bi Anario :
_bVol. 1 /
_cpor Andrea Fuego
260 1 _aMéxico :
_bCooperativa Cráter Invertido,
_c2020
300 _a42 páginas :
_bdibujos a color ;
_c26 x 19 cm.
650 7 _2UNESCO
_aGRUPO SEXUAL MINORITARIO
942 _2ddc
_c1
_n0
999 _c4652
_d4652